00382nam a22001337a 450000500170000000800410001704100130005808200140007110000280008524500750011326000090018830000250019765000260022220231114104923.0231114b |||||||| |||| 00| 0 eng d aEnglish  a344.5 USE aPistorius, T lEnglish  aUse of Electronic Transactions and Communications Bill /cT Pistorius  c2005 b32 pages ; c30 cm.  aLegal practice bLaw